00631nam a22001817a 4500008004100000020001800041040001800059041000800077100001900085245008500104260005400189300002000243501004500263600006600308650002100374650003100395650002300426130821s1994 sp gr spa  a958 04 1244 8 aCo-BoUCMbspa00aspa1 aPalma, Ricardo10aTradiciones peruanascRicardo Palma ; selección de Santiago Londoño Vélez. aBarcelona (España)bGrupo Editorial Normac1994 a[287 páginas] aA Propósito de Ricardo Palma y su obra aPalma, Ricardod1833-1919xCrítica e interpretación, etc. aCuentos peruanos aLiteratura latinoamericana aLiteratura peruana